[Event "Norman Friedman Memorial"]
[Site "Boise, ID"]
[Date "2018.10.13"]
[Round "2.16"]
[White "Leifeste, Jef"]
[Black "Wang, William"]
[Result "0-1"]
[WhiteElo "427"]
[BlackElo "1148"]
[EventType "swiss"]
[EventRounds "5"]
[EventCountry "USA"]

1. e4 c5 2. f4 d6 3. Nc3 Nf6 4. Nf3 g6 5. b3 Bg7 6. Bb2 Qb6 7. Bc4 Nxe4 8. Qe2
Nxc3 9. Bxc3 Bxc3 10. dxc3 Bd7 11. Ng5 e6 12. Rd1 O-O 13. Rd3 d5 14. Rh3 h5
15. Rxh5 f6 16. Nh7 Rf7 17. Qg4 g5 18. Nxf6+ Kf8 19. Qxg5 e5 20. Bxd5 Qxf6 21.
fxe5 Qxg5 22. Rxg5 Nc6 23. Bxf7 Kxf7 24. Rf1+ Ke6 25. Rf6+ Kd5 26. c4+ Kd4 27.
Kd2 Ke4 28. Rg4+ Bxg4 29. h4 Kxe5 30. Ke3 {#R} 0-1

[Event "Norman Friedman Memorial"]
[Site "Boise, ID"]
[Date "2018.10.13"]
[Round "3.1"]
[White "Companyo, Josep"]
[Black "Presutti, Michael J"]
[Result "1-0"]
[WhiteElo "2039"]
[BlackElo "1713"]
[EventType "swiss"]
[EventRounds "5"]
[EventCountry "USA"]

1. f4 c5 2. Nf3 g6 3. e4 Bg7 4. Bc4 Nc6 5. O-O d6 6. d3 e6 7. c3 Rb8 8. a4 b6
9. Qc2 Nge7 10. Na3 O-O 11. Be3 Bb7 12. Rad1 d5 13. Ba2 a6 14. Bf2 Qd7 15. Bh4
b5 16. axb5 axb5 17. Bf2 d4 18. cxd4 Nxd4 19. Bxd4 Bxd4+ 20. Nxd4 Qxd4+ 21.
Qf2 Qxf2+ 22. Rxf2 Rfd8 23. Rfd2 Kg7 24. Kf2 Ba8 25. Ke3 Nc6 26. Rc1 Nb4 27.
Bb1 Rdc8 28. g4 Kf6 29. g5+ Ke7 30. Nc2 Nc6 31. Rf2 Nd4 32. Nxd4 cxd4+ 33. Kd2
Rxc1 34. Kxc1 Rc8+ 35. Kd2 Rc5 36. Ba2 b4 37. Bb3 Bc6 38. Rf1 h5 39. Ra1 Kd6
40. Ra7 Bd7 41. e5+ Kc6 42. Ba4+ {#r} 1-0

[Event "Norman Friedman Memorial"]
[Site "Boise, ID"]
[Date "2018.10.13"]
[Round "3.2"]
[White "Wei, James"]
[Black "Machin, Alex James"]
[Result "0-1"]
[WhiteElo "1656"]
[BlackElo "1845"]
[EventType "swiss"]
[EventRounds "5"]
[EventCountry "USA"]

1. e4 d6 2. d4 Nf6 3. Nc3 Nbd7 4. Nf3 e5 5. Bc4 Be7 6. O-O c6 7. Be3 Qc7 8.
Qe2 h6 9. a4 Ng4 10. b4 Nxe3 11. fxe3 O-O 12. b5 Nb6 13. a5 Nxc4 14. Qxc4 Bd7
15. a6 Rac8 16. Rfb1 b6 17. dxe5 dxe5 18. Rd1 Be6 19. Qxc6 Qxc6 20. bxc6 Rxc6
21. Nd5 Bf6 22. Rd2 Rfc8 23. Nxf6+ gxf6 24. Ne1 Rc4 25. Kf2 Rxe4 26. Kf3 Rec4
27. Ra3 Kf8 28. h3 Ke7 29. Ra1 Rd8 30. Rxd8 Kxd8 31. Ke2 Bd7 32. Kd2 Ra4 33.
Rxa4 Bxa4 34. c4 Bc6 35. g4 Be4 36. Ke2 Kc7 37. Kd2 Kc6 38. Kc3 Kc5 39. Kb3 b5
40. cxb5 Kxb5 41. h4 Kxa6 42. Ka4 Kb6 43. Kb4 a6 44. h5 a5+ 45. Ka4 Ka6 46.
Ka3 Kb5 47. Kb3 a4+ 48. Kc3 Kc5 49. Kb2 Kb4 50. Ka2 a3 51. Ka1 Kb3 52. g5 fxg5
53. Nf3 Bxf3 54. e4 Kc3 55. Kb1 Kd3 56. Ka2 Kxe4 57. Kxa3 g4 58. Kb3 g3 59.
Kc2 Ke3 60. Kc3 g2 {#R} 0-1

[Event "Norman Friedman Memorial"]
[Site "Boise, ID"]
[Date "2018.10.13"]
[Round "3.3"]
[White "Zeng, Forrest"]
[Black "Forster, Manfred"]
[Result "0-1"]
[WhiteElo "1332"]
[BlackElo "1740"]
[EventType "swiss"]
[EventRounds "5"]
[EventCountry "USA"]

1. e4 e5 2. Nf3 d5 3. exd5 Bd6 4. d3 f5 5. Nc3 Nf6 6. Bg5 O-O 7. Be2 h6 8.
Bxf6 Qxf6 9. Qd2 Nd7 10. O-O-O Nc5 11. d4 Nd7 12. dxe5 Nxe5 13. Nxe5 Bxe5 14.
Bc4 Kh8 15. f4 Bd6 16. Rde1 a6 17. a3 b5 18. Ba2 b4 19. axb4 Bxb4 20. Qd3 Bd7
21. Qc4 Bd6 22. g3 Rfb8 23. Qe2 Rb4 24. Bb3 a5 25. Bc4 Rab8 26. Nd1 Rxb2 27.
Nxb2 Qxb2+ 28. Kd1 Bb4 29. c3 Ba4+ {#R} 0-1

[Event "Norman Friedman Memorial"]
[Site "Boise, ID"]
[Date "2018.10.13"]
[Round "3.4"]
[White "Parsons, Larry R"]
[Black "Lange, Brian"]
[Result "1-0"]
[WhiteElo "2000"]
[BlackElo "1356"]
[EventType "swiss"]
[EventRounds "5"]
[EventCountry "USA"]

1. Nf3 b6 2. g3 Bb7 3. Bg2 Nf6 4. O-O e6 5. d4 c5 6. e3 cxd4 7. exd4 Be7 8. c4
Qc7 9. b3 O-O 10. Bb2 d6 11. Re1 Re8 12. Nbd2 Nc6 13. Nf1 Rac8 14. Rc1 Qb8 15.
Ne3 d5 16. Ne5 Nxe5 17. dxe5 Nd7 18. Nc2 Nc5 19. cxd5 exd5 20. Nd4 Ne4 21. Nf5
Bc5 22. Bxe4 dxe4 23. Qg4 g6 24. Nh6+ Kf8 25. Qf4 f5 26. Nxf5 gxf5 27. Qxf5+
Kg8 28. Qg5+ Kf8 29. Qf6+ Kg8 30. e6 Bxf2+ 31. Kg2 e3+ 32. Kh3 {#r} 1-0

[Event "Norman Friedman Memorial"]
[Site "Boise, ID"]
[Date "2018.10.13"]
[Round "3.5"]
[White "Dagher, Dr. Gaby"]
[Black "He, Justin"]
[Result "0-1"]
[WhiteElo "1732"]
[BlackElo "1346"]
[EventType "swiss"]
[EventRounds "5"]
[EventCountry "USA"]

1. e4 c6 2. d4 d5 3. e5 Bf5 4. Bd3 Bxd3 5. Qxd3 e6 6. Nf3 c5 7. dxc5 Nd7 8. b4
b6 9. cxb6 Bxb4+ 10. c3 Ba5 11. bxa7 Ne7 12. Be3 Nc6 13. Bd4 Nxd4 14. Qxd4 Bb6
15. Qg4 O-O 16. O-O Qc7 17. Re1 Rxa7 18. Qf4 Nc5 19. Ng5 Nd3 20. Re3 {#R} 0-1

[Event "Norman Friedman Memorial"]
[Site "Boise, ID"]
[Date "2018.10.13"]
[Round "3.6"]
[White "Shepard, River"]
[Black "Fucsko, Janos"]
[Result "0-1"]
[WhiteElo "1200"]
[BlackElo "1695"]
[EventType "swiss"]
[EventRounds "5"]
[EventCountry "USA"]

1. e4 e5 2. Nf3 Nf6 3. Nc3 d6 4. Bc4 Be7 5. O-O O-O 6. h3 c6 7. Bb3 h6 8. Re1
Be6 9. Bxe6 fxe6 10. d3 c5 11. b3 Nc6 12. Bb2 Nh7 13. Nb1 Ng5 14. Nbd2 Rf7 15.
Nxg5 Bxg5 16. Nf3 Qf6 17. Rf1 Raf8 18. c3 Qg6 19. Nxg5 Qxg5 20. f3 Rf6 21. Bc1
Qh5 22. Qe2 Rg6 23. Kf2 Qh4+ 24. Ke3 Qf4+ 25. Kf2 Qg3+ 26. Kg1 Qxh3 27. Bd2 d5
28. Rac1 d4 29. c4 Qh4 30. Qd1 Qg3 31. Qe2 Rgf6 32. Rb1 a5 33. a3 Qg6 34. Qd1
Qf7 35. Qc2 Qg6 36. Qd1 h5 37. Kf2 h4 38. Rh1 Qg3+ 39. Kf1 Rxf3+ 40. gxf3
Rxf3+ 41. Qxf3 Qxf3+ {#R} 0-1

[Event "Norman Friedman Memorial"]
[Site "Boise, ID"]
[Date "2018.10.13"]
[Round "3.7"]
[White "Wang, William"]
[Black "Machakos, Seth"]
[Result "0-1"]
[WhiteElo "1148"]
[BlackElo "1503"]
[EventType "swiss"]
[EventRounds "5"]
[EventCountry "USA"]

1. d4 d5 2. Nf3 e6 3. Bf4 Nf6 4. h3 c5 5. c3 Nc6 6. e3 Be7 7. Bd3 O-O 8. Nbd2
Re8 9. Bc2 b6 10. Ba4 Bd7 11. b3 Rc8 12. Bb5 Nb8 13. Bd3 cxd4 14. exd4 Rxc3
15. Ne5 Bb4 16. Rc1 Ne4 17. O-O Nxd2 18. Bxd2 Rxc1 19. Qxc1 Bxd2 20. Qxd2 Nc6
21. Nxc6 Bxc6 22. Rc1 Qd7 23. Qc3 Bb7 24. Qc7 Rd8 25. Bb5 Qxc7 26. Rxc7 Rb8
27. Be8 Rxe8 28. Rxb7 Ra8 29. Kf1 g6 30. Ke2 Kg7 31. g4 Rc8 32. Kd2 Ra8 33. a4
Kf6 34. f4 h6 35. Kd3 g5 36. Ke3 Rc8 37. fxg5+ hxg5 38. Kd2 Rh8 39. Rxa7 Rxh3
40. Rb7 Rxb3 41. a5 Rb4 42. axb6 Rxd4+ 43. Kc3 Rc4+ 44. Kb3 Rc8 45. Rc7 Rb8
46. b7 e5 47. Kb4 e4 48. Kc3 Ke6 49. Kd4 Kd6 50. Rxf7 Kc6 51. Rf6+ Kxb7 52.
Kxd5 Re8 53. Rf2 e3 54. Re2 Kc7 55. Kd4 Kd6 56. Rxe3 Rxe3 57. Kxe3 Ke5 58. Kf3
Kd4 59. Kg3 Ke3 {#R} 0-1

[Event "Norman Friedman Memorial"]
[Site "Boise, ID"]
[Date "2018.10.13"]
[Round "3.8"]
[White "Kitterman, Andrew Nicholas"]
[Black "Baumann, Christopher J"]
[Result "1-0"]
[WhiteElo "1478"]
[BlackElo "879"]
[EventType "swiss"]
[EventRounds "5"]
[EventCountry "USA"]

1. e4 e5 2. Nf3 Nc6 3. Bb5 Nge7 4. c3 a6 5. Ba4 b5 6. Bc2 d6 7. h3 d5 8. O-O
dxe4 9. Bxe4 Bf5 10. Bxf5 Nxf5 11. Re1 Bd6 12. d4 f6 13. Qd3 Qd7 14. a4 bxa4
15. Rxa4 a5 16. Qc4 Nce7 17. dxe5 fxe5 18. Bg5 h6 19. Bxe7 Bxe7 20. Rxe5 Nd6
21. Qg4 Qxg4 22. Rxg4 g5 23. Nbd2 Rb8 24. b4 axb4 25. Rxb4 Rxb4 26. cxb4 Kd7
27. Nb3 Nc4 28. Nc5+ Bxc5 29. Rxc5 Nd6 30. Ne5+ Kc8 31. b5 Kb7 32. Rc6 Nxb5
33. Rg6 Nd4 34. Nf7 Ne2+ 35. Kf1 Nf4 36. Nxh8 Nxg6 37. Nxg6 c5 38. Ke2 Kb6 39.
Kd3 Kb5 40. Ne5 h5 41. f3 Kb4 42. g3 Kb5 43. Nf7 c4+ 44. Kc3 g4 45. fxg4 hxg4
46. h4 Kc5 47. h5 Kd5 48. h6 Ke4 49. h7 Kf3 50. h8=Q Kxg3 51. Qh1 Kf4 52. Kxc4
g3 53. Qg2 Kg4 54. Kd4 Kh5 55. Qh3+ Kg6 56. Qe6+ Kg7 57. Ne5 g2 58. Qg6+ {#r}
1-0

[Event "Norman Friedman Memorial"]
[Site "Boise, ID"]
[Date "2018.10.13"]
[Round "3.9"]
[White "Daghir, George"]
[Black "Felice, Louis"]
[Result "0-1"]
[WhiteElo "245"]
[BlackElo "1387"]
[EventType "swiss"]
[EventRounds "5"]
[EventCountry "USA"]

1. e4 e5 2. Nf3 Nc6 3. Nc3 a6 4. Bc4 Nf6 5. Ng5 d5 6. exd5 Na5 7. d3 Nxc4 8.
dxc4 h6 9. Nf3 e4 10. Nd2 Bb4 11. Ne2 O-O 12. O-O Re8 13. Nb3 Bf5 14. c3 Bd6
15. Ned4 Bxh2+ 16. Kxh2 Ng4+ 17. Kg1 Qh4 18. f4 Qh2# 0-1

[Event "Norman Friedman Memorial"]
[Site "Boise, ID"]
[Date "2018.10.13"]
[Round "3.10"]
[White "Porth, Adam"]
[Black "Daghir, Gabriel"]
[Result "1-0"]
[WhiteElo "1375"]
[BlackElo "118"]
[EventType "swiss"]
[EventRounds "5"]
[EventCountry "USA"]

1. e4 Nf6 2. Nf3 e6 3. Nc3 Nc6 4. d4 Bb4 5. Bd2 Qe7 6. a3 Bxc3 7. Bxc3 O-O 8.
Bd3 h6 9. O-O g5 10. Re1 Qd6 11. e5 Nxe5 12. dxe5 Qc6 13. exf6 b6 14. Be4 d5
15. Bd3 Qd6 16. Bb4 c5 17. Bc3 Bb7 18. Be4 Rfd8 19. Bd3 c4 20. Bf1 Qd7 21. Qd4
Qd6 22. Qg4 Kh7 23. Nxg5+ Kg6 24. Nh7+ Kxh7 25. Qg7# 1-0

[Event "Norman Friedman Memorial"]
[Site "Boise, ID"]
[Date "2018.10.13"]
[Round "3.11"]
[White "Baumann, David C"]
[Black "Gokei, Cole"]
[Result "0-1"]
[WhiteElo "698"]
[BlackElo "788"]
[EventType "swiss"]
[EventRounds "5"]
[EventCountry "USA"]

1. d4 Nf6 2. e3 d5 3. Bd3 Nc6 4. c3 e5 5. f4 e4 6. Bc2 b5 7. a3 Bg4 8. Ne2 Bd6
9. Nd2 Nd7 10. b4 a6 11. Bb3 Ne7 12. Nf1 c6 13. Nfg3 g6 14. h3 Be6 15. O-O Nf5
16. Nxf5 Bxf5 17. Ng3 Be6 18. Bd2 Be7 19. Be1 Bh4 20. a4 Nb6 21. a5 Nc4 22.
Bxc4 bxc4 23. Ne2 h5 24. Bxh4 Qxh4 25. Kh2 Bg4 26. Qe1 Qxe1 27. Rfxe1 Bxe2 28.
Rxe2 f5 29. g3 O-O-O 30. Rf2 h4 31. g4 fxg4 32. hxg4 Rdf8 33. Rg1 g5 34. f5
Rf6 35. Rgf1 h3 36. Kg3 Kd7 37. Rh2 Ke7 38. Rfh1 Rfh6 39. Rf1 Kf7 40. f6 Rxf6
41. Rxf6+ Kxf6 42. Rf2+ Kg6 43. Kh2 Rh4 44. Rf5 Rxg4 45. Rf8 Rh4 46. Rd8 Kg7
47. Rd6 Rh6 48. Rd7+ Kf8 49. Ra7 Ke8 50. Rxa6 Kd7 51. Ra7+ Kc8 52. Rf7 g4 53.
a6 g3+ 54. Kxg3 Kb8 55. Kh2 Ka8 56. Rf1 Ka7 57. Ra1 Rh7 58. Ra5 Kb6 59. Rc5
Ra7 60. b5 cxb5 61. Rxd5 Rxa6 62. Rd8 Kc6 63. d5+ Kc7 64. Re8 Rd6 65. Rxe4
Rxd5 66. Re7+ Kd6 67. Rh7 Rd3 68. Rh4 Rxe3 69. Rh6+ Kc7 70. Rh7+ Kb6 71. Rh8
Rxc3 72. Rb8+ Kc5 73. Rc8+ Kb4 74. Rxc4+ Kxc4 75. Kh1 Rc2 76. Kg1 b4 77. Kf1
b3 78. Ke1 b2 79. Kd1 b1=Q# 0-1

[Event "Norman Friedman Memorial"]
[Site "Boise, ID"]
[Date "2018.10.13"]
[Round "3.12"]
[White "Liu, Daniel"]
[Black "Olson, Otto William"]
[Result "1-0"]
[WhiteElo "536"]
[BlackElo "746"]
[EventType "swiss"]
[EventRounds "5"]
[EventCountry "USA"]

1. c4 e6 2. e3 Nf6 3. Nf3 d5 4. Nc3 c5 5. Bd3 Bd7 6. e4 d4 7. Nb5 Be7 8. Bc2
O-O 9. e5 Ng4 10. Ng5 Bxg5 11. Qxg4 Bc8 12. Qe4 d3 13. Qxd3 Qe7 14. Qxh7# 1-0

[Event "Norman Friedman Memorial"]
[Site "Boise, ID"]
[Date "2018.10.14"]
[Round "4.1"]
[White "Machin, Alex James"]
[Black "Companyo, Josep"]
[Result "0-1"]
[WhiteElo "1845"]
[BlackElo "2039"]
[EventType "swiss"]
[EventRounds "5"]
[EventCountry "USA"]

1. d4 e6 2. e4 d5 3. Nc3 Nf6 4. Bg5 Be7 5. e5 Nfd7 6. h4 f6 7. exf6 Bxf6 8.
Qh5+ Kf8 9. O-O-O c5 10. Nf3 Nc6 11. Bb5 cxd4 12. Bxc6 dxc3 13. Bxd7 cxb2+ 14.
Kb1 Bxd7 15. Bxf6 Qxf6 16. Ne5 Be8 17. Qe2 g6 18. h5 Rc8 19. Rh3 Ke7 20. Rxd5
Qf4 21. Kxb2 Rf8 22. Rf3 Qh6 23. Qe1 Bc6 24. Qb4+ Ke8 25. Nxc6 Qg7+ 26. Qd4
Qxd4+ 27. Rxd4 Rxf3 28. gxf3 Rxc6 29. hxg6 hxg6 30. Rg4 Kf7 31. f4 Kf6 32. Rg5
Rc4 33. Rb5 b6 {#R} 0-1

[Event "Norman Friedman Memorial"]
[Site "Boise, ID"]
[Date "2018.10.14"]
[Round "4.2"]
[White "Forster, Manfred"]
[Black "Roland, Jeffrey T"]
[Result "1/2-1/2"]
[WhiteElo "1740"]
[BlackElo "1731"]
[EventType "swiss"]
[EventRounds "5"]
[EventCountry "USA"]

1. d4 d5 2. e4 e6 3. e5 c5 4. c3 Nc6 5. Nf3 Bd7 6. Bd3 Rc8 7. O-O cxd4 8. cxd4
Nb4 9. Nc3 Nxd3 10. Qxd3 Bb4 11. Bd2 Qb6 12. Rfc1 Ne7 13. a3 Bxc3 14. Bxc3 Nc6
15. Qd2 O-O 16. Re1 Qd8 17. Re3 f6 18. Bb4 Nxb4 19. axb4 a6 20. Raa3 Qe7 21.
Ne1 Rc4 22. Nc2 Rfc8 23. Rec3 fxe5 24. dxe5 Qh4 25. Rxc4 Rxc4 26. Rc3 Bc6 27.
b3 Rxc3 28. Qxc3 Qe4 29. f3 Qe2 30. h3 Qd1+ 31. Kf2 Qc1 32. Qc5 Qd2+ 33. Kg1
Qc1+ 34. Kf2 Qd2+ 35. Kg1 Qc1+ {#d} 1/2-1/2

[Event "Norman Friedman Memorial"]
[Site "Boise, ID"]
[Date "2018.10.14"]
[Round "4.3"]
[White "Felice, Louis"]
[Black "Parsons, Larry R"]
[Result "0-1"]
[WhiteElo "1387"]
[BlackElo "2000"]
[EventType "swiss"]
[EventRounds "5"]
[EventCountry "USA"]

1. e4 g6 2. d4 d6 3. Nf3 Nf6 4. Nc3 Bg7 5. h3 O-O 6. Bd3 c6 7. Be3 Qc7 8. Qd2
e5 9. O-O-O Nbd7 10. g4 b5 11. Bh6 Re8 12. Bxg7 Kxg7 13. Nh4 Ng8 14. Nf5+ Kh8
15. Rdg1 exd4 16. Nxd4 Ne5 17. f4 Nxd3+ 18. Qxd3 b4 19. Nce2 a5 20. f5 Ba6 21.
Qf3 c5 22. fxg6 fxg6 23. Nf5 Bxe2 24. Qxe2 gxf5 25. gxf5 Nf6 26. Rg4 Nxg4 27.
hxg4 d5 28. g5 Qf4+ 29. Kb1 Qxg5 30. Qh2 Qe7 31. e5 Ra7 32. e6 Qf6 33. Qh5 Rf8
{#R} 0-1

[Event "Norman Friedman Memorial"]
[Site "Boise, ID"]
[Date "2018.10.14"]
[Round "4.4"]
[White "Presutti, Michael J"]
[Black "Kitterman, Andrew Nicholas"]
[Result "0-1"]
[WhiteElo "1713"]
[BlackElo "1478"]
[EventType "swiss"]
[EventRounds "5"]
[EventCountry "USA"]

1. d4 Nf6 2. c4 g6 3. Nc3 d5 4. cxd5 Nxd5 5. e4 Nxc3 6. bxc3 Bg7 7. Nf3 c5 8.
Be3 Nc6 9. Rc1 Bg4 10. Bc4 cxd4 11. cxd4 O-O 12. Bxf7+ Rxf7 13. Qb3 Bxf3 14.
gxf3 {#R} 0-1

[Event "Norman Friedman Memorial"]
[Site "Boise, ID"]
[Date "2018.10.14"]
[Round "4.5"]
[White "Fucsko, Janos"]
[Black "Porth, Adam"]
[Result "1-0"]
[WhiteElo "1695"]
[BlackElo "1375"]
[EventType "swiss"]
[EventRounds "5"]
[EventCountry "USA"]

1. Nf3 c6 2. c4 Nf6 3. Nc3 d6 4. d4 e6 5. e4 Be7 6. Bd3 b6 7. O-O Bb7 8. Bf4
O-O 9. Re1 Nh5 10. Be3 Nd7 11. h3 Rc8 12. g4 Nhf6 13. e5 dxe5 14. dxe5 Ne8 15.
Qc2 c5 16. Bxh7+ Kh8 17. Be4 Qc7 18. Bxb7 Qxb7 19. Ne4 f5 20. Neg5 Bxg5 21.
Nxg5 Nxe5 22. Qe2 Qc6 23. f4 Nf7 24. gxf5 Nxg5 25. fxg5 exf5 26. Qh5+ Kg8 27.
g6 Nf6 28. Qxf5 Ne4 29. Qh5 Rf6 30. Qh7+ Kf8 31. Qh8+ Ke7 32. Qxg7+ Ke8 33.
Bg5 Rc7 34. Qxf6 {#r} 1-0

[Event "Norman Friedman Memorial"]
[Site "Boise, ID"]
[Date "2018.10.14"]
[Round "4.6"]
[White "Lange, Brian"]
[Black "Wei, James"]
[Result "0-1"]
[WhiteElo "1356"]
[BlackElo "1656"]
[EventType "swiss"]
[EventRounds "5"]
[EventCountry "USA"]

1. b3 d5 2. Bb2 Nf6 3. Nf3 c5 4. e3 Nc6 5. c4 e6 6. a3 Bd6 7. cxd5 exd5 8. Be2
O-O 9. O-O Bf5 10. d3 Qe7 11. Nbd2 b5 12. Nh4 Bg6 13. Nxg6 fxg6 14. Nf3 Rae8
15. Re1 Ng4 16. h3 Nxf2 17. Kxf2 Qxe3+ 18. Kf1 Bg3 {#R} 0-1

[Event "Norman Friedman Memorial"]
[Site "Boise, ID"]
[Date "2018.10.14"]
[Round "4.7"]
[White "Machakos, Seth"]
[Black "He, Justin"]
[Result "0-1"]
[WhiteElo "1503"]
[BlackElo "1334"]
[EventType "swiss"]
[EventRounds "5"]
[EventCountry "USA"]

1. e4 c6 2. d4 d5 3. Nc3 dxe4 4. Nxe4 Bf5 5. Ng3 Bg6 6. h4 h6 7. Nf3 Nf6 8. h5
Bh7 9. Bd3 Bxd3 10. Qxd3 Nbd7 11. Bf4 e6 12. O-O-O Be7 13. Kb1 Qb6 14. Ne5 Nd5
15. Nxd7 Kxd7 16. Bd2 Rad8 17. c4 Nf6 18. f4 Kc8 19. Bc3 Qc7 20. Qf3 Bd6 21.
Rhf1 Rhe8 22. d5 exd5 23. Bxf6 gxf6 24. cxd5 c5 25. Nf5 Rh8 26. Rc1 Kb8 27.
Rc4 Rd7 28. a4 b6 29. b4 Qb7 30. b5 Be7 31. Rd1 Rhd8 32. Nxh6 Rxd5 33. Rxd5
Rxd5 34. Nxf7 Qd7 35. h6 Rd1+ 36. Rc1 Rd4 37. Rc2 Qe6 38. h7 Qe1+ 39. Kb2 Rb4+
40. Ka3 Qa1+ 41. Ra2 Qc1+ {#R} 0-1

[Event "Norman Friedman Memorial"]
[Site "Boise, ID"]
[Date "2018.10.14"]
[Round "4.8"]
[White "Kircher, Caleb"]
[Black "Leifeste, Bryce"]
[Result "1-0"]
[WhiteElo "1904"]
[BlackElo "1296"]
[EventType "swiss"]
[EventRounds "5"]
[EventCountry "USA"]

1. e4 c6 2. f4 d5 3. e5 Bf5 4. Nf3 e6 5. g3 f6 6. d4 Nd7 7. Bg2 Bb4+ 8. c3 Ba5
9. Be3 Ne7 10. O-O O-O 11. Nh4 fxe5 12. fxe5 Bb6 13. Bf2 Ng6 14. Nxf5 Rxf5 15.
Bh3 Rg5 16. Bxe6+ Kh8 17. Kh1 Qe7 18. Bh3 Rf8 19. Qe2 Qf7 20. Be3 Qe7 21. Bxd7
Rxf1+ 22. Qxf1 Rh5 23. Bg4 Rxh2+ 24. Kxh2 Nxe5 25. Qf5 Nxg4+ 26. Qxg4 Bd8 27.
Qf3 h6 28. Nd2 Bc7 29. Rf1 Qh4+ 30. Kg2 Qd8 31. Qf7 Bxg3 32. Kxg3 Qd6+ 33. Bf4
Qd8 34. Nf3 Qa5 35. Be5 Qb6 36. Qxg7# 1-0

[Event "Norman Friedman Memorial"]
[Site "Boise, ID"]
[Date "2018.10.14"]
[Round "4.9"]
[White "Ang, Ching-E Nobel"]
[Black "Porth, Desmond"]
[Result "1/2-1/2"]
[WhiteElo "1297"]
[BlackElo "1594"]
[EventType "swiss"]
[EventRounds "5"]
[EventCountry "USA"]

1. d4 d5 2. Nf3 c6 3. e3 Bf5 4. c4 Nf6 5. Nc3 e6 6. Qb3 Qb6 7. Qxb6 axb6 8.
cxd5 exd5 9. Be2 Bd6 10. O-O O-O 11. b3 Nbd7 12. Bb2 b5 13. Rfc1 b4 14. Nb1
Ne4 15. Nbd2 Nxd2 16. Nxd2 Ra7 17. f3 Nf6 18. e4 dxe4 19. Nc4 Bc7 20. a3 bxa3
21. Rxa3 Rxa3 22. Bxa3 Ra8 23. Bd6 Bd8 24. Be5 Be7 25. Nb6 Ra2 26. fxe4 Rxe2
27. exf5 Rb2 28. Ra1 Rxb3 29. Ra8+ Bf8 30. Bd6 Rb1+ 31. Kf2 Ne4+ 32. Kf3 Nxd6
33. Nd7 Rb3+ 34. Kf4 h6 35. Rxf8+ Kh7 36. Ne5 Rb2 {#d} 1/2-1/2

[Event "Norman Friedman Memorial"]
[Site "Boise, ID"]
[Date "2018.10.14"]
[Round "4.10"]
[White "Gokei, Cole"]
[Black "Dagher, Dr. Gaby"]
[Result "0-1"]
[WhiteElo "788"]
[BlackElo "1732"]
[EventType "swiss"]
[EventRounds "5"]
[EventCountry "USA"]

1. f4 d5 2. Nf3 c5 3. d4 cxd4 4. Nxd4 Nc6 5. Nc3 f5 6. e3 Nf6 7. Bb5 Bd7 8. h3
Nxd4 9. Bxd7+ Qxd7 10. exd4 O-O-O 11. Be3 Kb8 12. Qd3 e6 13. Qb5 Qxb5 14. Nxb5
Ne4 15. Nc3 Bb4 16. Bd2 Nxd2 17. Kxd2 Rc8 18. a3 Bxc3+ 19. bxc3 Rc4 20. Rhb1
Rhc8 21. Rb3 R8c6 22. Rf1 b6 23. Rf3 Kb7 24. Rg3 Rc7 25. Re3 R4c6 26. Rb1 Ka6
27. Rb4 Kb7 28. g4 fxg4 29. hxg4 Rf7 30. Rf3 g5 31. f5 exf5 32. gxf5 Rcf6 33.
c4 Rxf5 34. Rxf5 Rxf5 35. cxd5 Rxd5 36. Ke3 Rf5 37. Rb1 h5 38. Ke4 Rf8 39. Rb5
Rf4+ 40. Ke3 Rg4 41. c3 h4 42. Kf3 Rg3+ 43. Ke4 h3 44. Kf5 h2 {#R} 0-1

[Event "Norman Friedman Memorial"]
[Site "Boise, ID"]
[Date "2018.10.14"]
[Round "4.11"]
[White "Liu, Daniel"]
[Black "Shepard, River"]
[Result "0-1"]
[WhiteElo "536"]
[BlackElo "1200"]
[EventType "swiss"]
[EventRounds "5"]
[EventCountry "USA"]

1. c3 d5 2. d4 Bf5 3. e3 e6 4. c4 Nf6 5. g3 Nc6 6. c5 Nb4 7. Bh3 Nc2+ 8. Kf1
Bxh3+ 9. Nxh3 Nxa1 10. Kg2 b6 11. c6 Qd6 12. Qa4 a5 13. Nc3 Nc2 14. b4 Nxe3+
15. Bxe3 Qxb4 16. Bd2 Qxa4 17. Nxa4 Ne4 18. Rd1 Nxd2 19. Rxd2 Bd6 20. Nf4 Bxf4
21. gxf4 O-O 22. Kh1 Rfe8 23. h4 f6 24. Re2 Re7 25. f5 Rae8 26. fxe6 Rxe6 27.
Rd2 Rxc6 28. Rd1 Re2 29. Kg2 Rxa2 30. Re1 Kf7 31. Kg1 Rxa4 32. Kf1 b5 33. f4
Rxd4 34. Rb1 Rxf4+ 35. Ke1 Rb6 36. Kd2 Rd4+ 37. Kc2 b4 38. h5 Rc4+ 39. Kd2 b3
40. h6 gxh6 41. Kd3 b2 42. Ke2 Rc1 43. Rxc1 bxc1=R 44. Kd3 Rb3+ 45. Ke2 Rc2+
46. Kd1 Rh2 47. Kc1 Rf3 48. Kd1 Rf1# 0-1

[Event "Norman Friedman Memorial"]
[Site "Boise, ID"]
[Date "2018.10.14"]
[Round "4.12"]
[White "Daghir, George"]
[Black "Wang, William"]
[Result "0-1"]
[WhiteElo "245"]
[BlackElo "1148"]
[EventType "swiss"]
[EventRounds "5"]
[EventCountry "USA"]

1. e4 c5 2. Nc3 d6 3. Bb5+ Bd7 4. Bxd7+ Nxd7 5. Nf3 e5 6. a3 Ngf6 7. d3 h6 8.
O-O Be7 9. Nd5 Nxd5 10. exd5 Bg5 11. Nxg5 hxg5 12. h3 f5 13. Qf3 g4 14. Qxf5
Qf6 15. Qxg4 g6 16. c3 Qf5 17. Qxf5 gxf5 18. d4 O-O-O 19. dxe5 dxe5 20. Bg5
Rdg8 21. Bd2 f4 22. g4 Rxh3 23. f3 {The rest of the game cannot be
reconstructed at this time. There appears to be around 10 more moves to the
game.--Roland.} {#R} 0-1

[Event "Norman Friedman Memorial"]
[Site "Boise, ID"]
[Date "2018.10.14"]
[Round "4.14"]
[White "Qiu, Steven"]
[Black "Baumann, David C"]
[Result "0-1"]
[WhiteElo "580"]
[BlackElo "698"]
[EventType "swiss"]
[EventRounds "5"]
[EventCountry "USA"]

1. e4 d5 2. f3 Nf6 3. e5 Nh5 4. d4 f6 5. f4 g6 6. Be2 Be6 7. Bxh5 gxh5 8.
Qxh5+ Bf7 9. Qe2 Bg6 10. Nf3 Rg8 11. exf6 Nc6 12. Nh4 Qd7 13. O-O Nxd4 14. Qf2
Nf5 15. Nc3 exf6 16. Re1+ Be7 17. Be3 d4 18. Nxg6 hxg6 19. Rad1 Nxe3 20. Rxe3
dxe3 21. Qxe3 Qc6 22. Nd5 Rg7 23. a4 Rd8 24. Qe4 Rd7 25. h3 Kf7 26. f5 g5 27.
Qg4 Rxd5 28. Qh5+ Kf8 29. Qh8+ Rg8 30. Qh6+ Kf7 31. Qh7+ Rg7 32. Qh5+ Kg8 33.
Rxd5 Qxd5 34. Qe8+ Bf8 35. Qb8 Qc5+ 36. Kh1 Qxc2 37. Qxb7 Qc1+ 38. Kh2 Bd6+
39. g3 Qc2+ 40. Kh1 Re7 41. Qg2 Re2 42. Qg1 Qe4+ 43. Qg2 Qxg2# 0-1

[Event "Norman Friedman Memorial"]
[Site "Boise, ID"]
[Date "2018.10.14"]
[Round "4.16"]
[White "Olson, Otto William"]
[Black "Leifeste, Jef"]
[Result "0-1"]
[WhiteElo "746"]
[BlackElo "427"]
[EventType "swiss"]
[EventRounds "5"]
[EventCountry "USA"]

1. d4 Nf6 2. e3 g6 3. Bd3 Bg7 4. Nf3 d5 5. Nbd2 c5 6. O-O cxd4 7. exd4 Nc6 8.
b3 Qd6 9. Bb2 O-O 10. Ne5 Nd7 11. Nxc6 bxc6 12. Rb1 e5 13. Nf3 e4 14. Bxe4
dxe4 15. Nd2 Nf6 16. Qc1 Bh6 17. Ba3 Qxd4 18. Bxf8 Kxf8 19. Re1 Ng4 20. g3
Qxf2+ 21. Kh1 Qxh2# 0-1